00664nam a2200193 a 450000100100000000500170001000800410002702000150006804000250008308200150010810000260012324500590014926000460020830000280025450400320028259000260031495201130034099900170045300004241820201002040137.0131128s1992 ag a r 000 0 spa d a8440631413 aDO-SdBNPbspacBNPHU axxxxbxxxx1 aMarras, Sergio96954510aAmérica Latina :bmarca registrada /cSergio Marras. aArgentina :bGrupo editorial Zeta,c1992. a478 p. :bil. ;c24 cm. aBibliografía : p. 475-478 aInventariado, 2019/BT 001050718MOaGRbGRcHDd2013-11-28iLF1l0oxxxx xxxxp42418-10r2020-06-25w2020-06-25y1ZNo se presta c41907d41907